Strategic Aspects of Business in Context of Regional Development

Salvato in:
Dettagli Bibliografici
Autore principale: Csikósová, Adriana
Altri autori: Antošová, Mária, 1965-, Čulková, Katarína, Mihalčová, Bohuslava, 1963-, Liberko, Igor
Natura: Libro
Lingua:inglese
Pubblicazione: Ostrava Vysoká škola báňská - Technická univerzita Ostrava 2014
Edizione:1st Edition
Soggetti:
Tags: Aggiungi Tag
Nessun Tag, puoi essere il primo ad aggiungerne!!

MARC

LEADER 00000nam a2200000 4500
001 0296645
005 20260323082320.1
020 |a 978-80-248-3569-3 
041 0 |a eng 
044 |a CZ 
245 1 0 |a Strategic Aspects of Business in Context of Regional Development  |c Adriana Csikósová, Mária Antošová, Katarína Čulková ; Reviewers: Bohuslava Mihalčová, Igor Liberko 
250 |a 1st Edition 
264 1 |a Ostrava  |b Vysoká škola báňská - Technická univerzita Ostrava  |c 2014 
300 |a 85 s. [4,72 AH] 
610 2 0 |a podnik 
610 2 0 |a podnikanie 
610 2 0 |a rozvoj regionálny 
610 2 0 |a politika regionálna 
610 2 0 |a stratégia hospodárska 
610 2 0 |a zdroje ľudské 
100 1 |a Csikósová, Adriana 
700 1 |a Antošová, Mária, 1965- 
700 1 |a Čulková, Katarína 
700 1 |a Mihalčová, Bohuslava, 1963- 
700 1 |a Liberko, Igor